The Walking Dead Season 5 Characters - Statistics

General Stats
  • This quiz has been taken 84 times
  • The average score is 12 of 17
Answer Stats
Hint Answer % Correct
Priest who lives in his church in the woods Gabriel Stokes
94%
Recruiter of Alexandria takes the group there Aaron
91%
Teenager captured by the people who reside in the hospital Noah
88%
Teenage girl who lives at Alexandria Enid
84%
Police woman lives at the hospital Dawn Lerner
80%
Son of the above tries to prove himself but screws up most of the times Spencer Monroe
75%
Youngest son who is really scared of the walkers Sam Anderson
73%
Leader of Alexandria Deanna Monroe
72%
Oldest son of the above has beef with Carl Ron Anderson
72%
Woman who lives at Alexandria becomes Rick's love interest Jessie Anderson
70%
Husband of the above who is also an architect Reg Monroe
66%
Abusive husband of the above Pete Anderson
64%
Husband of the recruiter Eric Raleigh
61%
Man who does the supply runs but only cares about himself Nicholas
61%
Woman in charge of the armory Olivia
56%
Oldest son of the leader of Alexandria and the head of the supply runs Aiden Monroe
50%
Foreman of the construction crew Tobin
38%
No matching quizzes found
Score Distribution
Percent of People with Each Score
Percentile by Number Answered
Your Score History
You have not taken this quiz